Capital Cities Named After People - Statistics

General Stats
  • This quiz has been taken 2,995 times
    1,082 since last reset
  • The average score is 12 of 24
Answer Stats
Hint Continent Answer % Correct
U.S. President (1) North America Washington D.C.
92%
King of the United Kingdom South America Georgetown
80%
U.S. President (2) Africa Monrovia
74%
Christian Saint (3), One of the Twelve Apostles South America Santiago
73%
British Commander Oceania Wellington
72%
British Queen Africa Victoria
70%
Christian Saint (1), Married to Mary North America San José
69%
Boer Leader Africa Pretoria
61%
Christian Saint (4), Founder of the Order of Preachers North America Santo Domingo
57%
Central figure of Christianity North America San Salvador
56%
Christian Saint (7), Preacher in Judea North America St. John's
54%
Christian Saint (6), Soldier of the Roman Army North America St. George's
47%
Prince of Orange North America Nassau
43%
British Naval Officer Oceania Port Moresby
42%
Christian Saint (2), Stonemason by Profession Europe San Marino
39%
French King Africa Port Louis
38%
Sultan and Minister of Defence Asia Bandar Seri Begawan
35%
Christian Saint (5), Known in Greek as Didymus Africa Sao Tomé
32%
President and Independence Leader South America Sucre
32%
Italian-French Explorer Africa Brazzaville
27%
French Marshal and Marquis North America Castries
24%
French Nobleman and Knight Hospitaller Europe Valletta
22%
Kgosi (King) of the Tlokwa Africa Gaborone
12%
Politician, Lawyer, and Public Official Asia Sri Jayewardenepura Kotte
10%
No matching quizzes found
Score Distribution
Percent of People with Each Score
Percentile by Number Answered
Your Score History
You have not taken this quiz since the last reset